000 00442nam a22001697a 4500
005 20230117115210.0
008 220226b ||||| |||| 00| 0 eng d
020 _a81-886-46-67-9
041 _aeng
082 _a547
_bJAI-M
100 _aJAIN, M.K AND SHARMA, S.C.
_97255
245 _aMODERN ORGANIC CHEMISTRY
260 _aJALANDHAR
_bVISHAL PUBLISHING. CO
_c2017
300 _a1382;p
650 _aPHARMACY
_xB.PHARMA
_97083
942 _cBK
999 _c7992
_d7990